Ingenieria basica de una planta para extraccion de colorante

Đã lưu trong:
Chi tiết về thư mục
Tác giả chính: Cespedes Rojas, Gilberth
Định dạng: Luận văn Sách
Ngôn ngữ:Undetermined
Được phát hành: 1983
Những chủ đề:
> > > > COLORANTES
Các nhãn: Thêm thẻ
Không có thẻ, Là người đầu tiên thẻ bản ghi này!

MARC

LEADER 00000nam a2200000Ia 4500
001 2268
008 140114s9999 xx 000 0 und d
100 |a Cespedes Rojas, Gilberth 
245 |a Ingenieria basica de una planta para extraccion de colorante 
260 |c 1983 
500 |a NULL 
502 |a Escuela de ingenieria Quimica 
650 |z COLORANTES 
999 |c 11550  |d 11550